000 00376pab a2200145 454500
008 180718b2014 xxu||||| |||| 00| 0 eng d
100 _aDhak, Biplab
245 _aRecent out-migration pattern and issues for Bihar
260 _c2014
300 _ap.251-265.
362 _aJul-Sep
650 _aMigration
773 _aIndian Journal of Labour Economics
909 _a109916
999 _c109911
_d109911